000 00293nam a22001337a 4500
003 SGT
020 _a9769387590311
082 _bSUP
100 _aSUPRIYA
245 _aFARM MANAGEMENT AND ITS PRACTICAL UTILITY
260 _bJAYA PUBLISHING HOUSE
_c2018
300 _a98
942 _2ddc
_cBK
_06
999 _c16149
_d16149